[Event "Belgrade Radnichki Schev 07"]
[White "Pucarevic, Milenko"]
[Black "Anakok, Deniz"]
[Site "Belgrade"]
[Round "4"]
[Result "0-1"]
[Date "2024.07.14"]
[WhiteElo "1998"]
[BlackElo "1885"]
[PlyCount "118"]
[EventDate "2024.07.13"]
[EventType "schev"]
[EventRounds "8"]
[EventCountry "SRB"]
[SourceTitle "CBM 221 Extra"]
[Source "ChessBase"]
[SourceDate "2024.09.30"]
[SourceVersion "1"]
[SourceVersionDate "2024.09.30"]
[SourceQuality "1"]
[WhiteTeam "Team A"]
[BlackTeam "Team B"]
[WhiteTeamCountry "SRB"]
[BlackTeamCountry "SRB"]

1. d4 Nf6 2. c4 e6 3. a3 b6 4. Nc3 Bb7 5. Qc2 d5 6. Nf3 Nbd7 7. Bg5 h6 8. Bh4 Be7 9. h3 0-0 10. e3 a6 11. cxd5 exd5 12. Bd3 c5 13. 0-0 Rc8 14. Qe2 c4 15. Bf5 g6 16. Bc2 Ne4 17. Bxe7 Nxc3 18. bxc3 Qxe7 19. Rfb1 Kg7 20. Nd2 f5 21. g3 Rc6 22. Re1 Re6 23. Qf3 Nf6 24. Qg2 Ne4 25. Nxe4 fxe4 26. Ra2 Ref6 27. Bd1 Bc8 28. Ree2 Be6 29. Kh2 Rf5 30. Reb2 Qd6 31. Kg1 h5 32. Kf1 R5f6 33. Ke1 Qd7 34. g4 hxg4 35. hxg4 Qc7 36. Rb4 g5 37. Rab2 Bd7 38. Re2 Rh8 39. Kd2 Rh4 40. Re1 Rh2 41. Qg1 Rfxf2+ 42. Re2 Rxe2+ 43. Bxe2 Rh6 44. Rb1 Qd6 45. Ra1 b5 46. Kd1 a5 47. Kc2 Qh2 48. Kd2 Qd6 49. Kc2 Qb8 50. Rf1 Qd6 51. Qf2 Be6 52. Kb2 b4 53. axb4 axb4 54. Kc2 bxc3 55. Ra1 Rh2 56. Qf1 Qb4 57. Rb1 Qa4+ 58. Kxc3 Qa3+ 59. Kc2 Qd3+ 0-1

[Event "Belgrade Radnichki Schev 07"]
[White "Poleksic, Miodrag"]
[Black "Anakok, Deniz"]
[Site "Belgrade"]
[Round "1"]
[Result "1/2-1/2"]
[Date "2024.07.13"]
[WhiteElo "1965"]
[BlackElo "1885"]
[PlyCount "129"]
[EventDate "2024.07.13"]
[EventType "schev"]
[EventRounds "8"]
[EventCountry "SRB"]
[SourceTitle "CBM 221 Extra"]
[Source "ChessBase"]
[SourceDate "2024.09.30"]
[SourceVersion "1"]
[SourceVersionDate "2024.09.30"]
[SourceQuality "1"]
[WhiteTeam "Team A"]
[BlackTeam "Team B"]
[WhiteTeamCountry "SRB"]
[BlackTeamCountry "SRB"]

1. d4 Nf6 2. c4 e6 3. Nf3 b6 4. Nc3 Bb4 5. Bg5 Bb7 6. e3 Bxc3+ 7. bxc3 d6 8. Be2 h6 9. Bh4 g5 10. Bg3 Ne4 11. Qc2 Nd7 12. 0-0 Qe7 13. Nd2 Nxd2 14. Qxd2 0-0-0 15. Bd3 e5 16. f4 h5 17. fxe5 dxe5 18. Rf5 h4 19. Bf2 g4 20. e4 f6 21. Re1 Rdg8 22. g3 hxg3 23. Bxg3 Rg6 24. c5 bxc5 25. d5 Qd6 26. Rb1 c4 27. Be2 Nb6 28. a4 Rd8 29. a5 Qc5+ 30. Bf2 Qxa5 31. Bxb6 axb6 32. Qe3 Rdg8 33. Kg2 g3 34. h3 Qa2 35. Rbf1 Kb8 36. Rxf6 Rxf6 37. Rxf6 Bc8 38. Rh6 Kb7 39. Rh4 b5 40. Kg1 g2 41. Bg4 Qb1+ 42. Kxg2 Qc2+ 43. Kg1 Qd1+ 44. Kh2 Bxg4 45. Rxg4 Rxg4 46. hxg4 Qxg4 47. Qc5 Qh4+ 48. Kg1 Qg3+ 49. Kh1 Qe1+ 50. Kh2 Qd2+ 51. Kg1 Qc1+ 52. Kg2 Qb2+ 53. Kf1 Qa1+ 54. Ke2 Qa6 55. Kf3 Qf6+ 56. Kg2 Qg5+ 57. Kf3 Qf6+ 58. Kg2 Qb6 59. Qb4 c5 60. dxc6+ Qxc6 61. Qe7+ Qc7 62. Qf8 Kb6 63. Kf3 Ka5 64. Qa8+ Kb6 65. Qf8 1/2-1/2

[Event "Paracin op-A 17th"]
[White "Anakok, Deniz"]
[Black "Slugin, Yaroslav"]
[Site "Paracin"]
[Round "3"]
[Result "0-1"]
[Date "2024.07.05"]
[WhiteElo "1885"]
[BlackElo "2103"]
[PlyCount "78"]
[EventDate "2024.07.03"]
[EventType "swiss"]
[EventRounds "9"]
[EventCountry "SRB"]
[SourceTitle "CBM 221 Extra"]
[Source "ChessBase"]
[SourceDate "2024.09.30"]
[SourceVersion "1"]
[SourceVersionDate "2024.09.30"]
[SourceQuality "1"]

1. e4 c5 2. Nf3 Nc6 3. d4 cxd4 4. Nxd4 Nf6 5. Nc3 d6 6. Bg5 e6 7. Qd2 h6 8. Bxf6 gxf6 9. 0-0-0 a6 10. f4 Qb6 11. Nb3 Bd7 12. Bc4 0-0-0 13. Kb1 Kb8 14. Qe2 h5 15. Rhf1 Na5 16. Nxa5 Qxa5 17. Rf3 Rc8 18. a3 f5 19. e5 Qc7 20. Bb3 dxe5 21. fxe5 Bc6 22. Rfd3 Qa5 23. Rh3 h4 24. Rd4 Rg8 25. Rhxh4 Rxg2 26. Qh5 Rg1+ 27. Nd1 Qxe5 28. Qxf7 Bc5 29. Rd3 Qe2 30. Bxe6 Rf8 31. Qh7 Rxd1+ 32. Rxd1 Qxd1+ 33. Ka2 Bd5+ 34. Bxd5 Qxd5+ 35. Kb1 f4 36. Rh5 Qc4 37. Qd7 f3 38. Rh7 Qb5 39. Qc7+ Ka8 0-1

[Event "Vojvodina op 14th"]
[White "Ljepic, Andrej"]
[Black "Anakok, Deniz"]
[Site "Novi Sad"]
[Round "2"]
[Result "1-0"]
[Date "2024.06.25"]
[WhiteElo "2267"]
[BlackElo "1819"]
[PlyCount "101"]
[EventDate "2024.06.24"]
[EventType "swiss"]
[EventRounds "9"]
[EventCountry "SRB"]
[SourceTitle "CBM 220 Extra"]
[Source "ChessBase"]
[SourceDate "2024.07.31"]
[SourceVersion "1"]
[SourceVersionDate "2024.07.31"]
[SourceQuality "1"]

1. d4 Nf6 2. Bg5 d5 3. Bxf6 exf6 4. e3 c6 5. c4 dxc4 6. Bxc4 Bd6 7. Nc3 0-0 8. Nf3 Nd7 9. 0-0 f5 10. a4 Nf6 11. d5 cxd5 12. Nxd5 Nxd5 13. Bxd5 Qe7 14. Qb3 Be6 15. Rfd1 Kh8 16. Qxb7 Qxb7 17. Bxb7 Rab8 18. Rxd6 Rxb7 19. Nd4 Rxb2 20. Nxe6 fxe6 21. Rxe6 h6 22. g3 g5 23. Rxh6+ Kg7 24. Ra6 f4 25. Rxa7+ Kg6 26. exf4 gxf4 27. g4 Kg5 28. h3 f3 29. Ra5+ Kg6 30. Rb5 Rc2 31. Rd1 Rf6 32. a5 Ra2 33. Rb6 Rxa5 34. Rxf6+ Kxf6 35. Rd3 Kg5 36. Rxf3 Ra2 37. Rf5+ Kg6 38. Kg2 Ra3 39. h4 Kh6 40. Rf6+ Kg7 41. g5 Ra4 42. Kg3 Ra3+ 43. Kg4 Ra4+ 44. f4 Rb4 45. h5 Rc4 46. h6+ Kh7 47. Rf7+ Kg8 48. g6 Rc8 49. h7+ Kh8 50. g7+ Kxh7 51. Rf8 1-0

[Event "Copenhagen Killer Chess op"]
[White "Anakok, Deniz"]
[Black "Chatalbashev, Boris"]
[Site "Copenhagen"]
[Round "2"]
[Result "1/2-1/2"]
[Date "2023.10.15"]
[WhiteElo "1916"]
[BlackElo "2467"]
[PlyCount "137"]
[EventDate "2023.10.14"]
[EventType "swiss"]
[EventRounds "9"]
[EventCountry "DEN"]
[SourceTitle "CBM 216 Extra"]
[Source "ChessBase"]
[SourceDate "2023.11.30"]
[SourceVersion "1"]
[SourceVersionDate "2023.11.30"]
[SourceQuality "1"]

1. e4 d5 2. exd5 Qxd5 3. Nc3 Qd6 4. d4 Nf6 5. Nf3 g6 6. Be2 Bg7 7. 0-0 0-0 8. Be3 a6 9. Qd2 b5 10. a3 Bb7 11. Rfd1 Nbd7 12. b4 Nb6 13. Ne5 Nbd5 14. Nxd5 Nxd5 15. Bf3 Nxe3 16. Qxe3 Bxf3 17. Nxf3 Rfd8 18. h3 a5 19. c3 e6 20. Ne5 Bxe5 21. Qxe5 Qc6 22. Qc5 Qb7 23. c4 bxc4 24. Qxc4 axb4 25. axb4 Rab8 26. Rac1 Rd7 27. Rb1 Qe4 28. Rb2 h5 29. Rbd2 Rb6 30. Rb2 e5 31. Re2 Rxb4 32. Qa6 Qf5 33. Rxe5 Qxe5 34. Qc8+ Kg7 35. Qxd7 Qe2 36. Rf1 Rc4 37. Qd5 Rc2 38. Qe5+ Qxe5 39. dxe5 Kf8 40. Re1 Ke7 41. g3 Ke6 42. Kg2 g5 43. Re3 Rc5 44. f4 gxf4 45. gxf4 Kf5 46. Kg3 Rc4 47. e6 h4+ 48. Kxh4 fxe6 49. Kg3 c5 50. Re5+ Kf6 51. h4 Rc1 52. h5 c4 53. h6 c3 54. Rh5 Rg1+ 55. Kf2 Rg8 56. h7 Rh8 57. Rc5 Rxh7 58. Rxc3 Kf5 59. Kg3 Rd7 60. Rc5+ Rd5 61. Rxd5+ exd5 62. Kf3 d4 63. Ke2 Kxf4 64. Kd3 Ke5 65. Kd2 Ke4 66. Ke2 d3+ 67. Kd2 Kd4 68. Kd1 Kc4 69. Kd2 1/2-1/2

[Event "TUR-ch U20"]
[White "Yildiz, Elif Zeren"]
[Black "Anakok, Deniz"]
[Site "Samsun"]
[Round "8"]
[Result "1-0"]
[Date "2023.05.24"]
[WhiteElo "1722"]
[BlackElo "1448"]
[PlyCount "133"]
[EventDate "2023.05.19"]
[EventType "swiss"]
[EventRounds "9"]
[EventCountry "TUR"]
[SourceTitle "CBM 214 Extra"]
[Source "ChessBase"]
[SourceDate "2023.07.31"]
[SourceVersion "1"]
[SourceVersionDate "2023.07.31"]
[SourceQuality "1"]

1. e4 c5 2. Nf3 Nc6 3. d4 cxd4 4. Nxd4 e6 5. Nc3 Qc7 6. g3 a6 7. a4 Nf6 8. Bg2 Bc5 9. Nxc6 dxc6 10. 0-0 e5 11. h3 0-0 12. Bg5 Be7 13. g4 Be6 14. Qf3 b5 15. Ne2 h6 16. Be3 Bc4 17. Rfc1 Bxe2 18. Qxe2 Nh7 19. axb5 axb5 20. c4 b4 21. c5 Qb7 22. Qc4 Bg5 23. Qb3 Bxe3 24. Qxe3 Ng5 25. Qg3 Qc7 26. Qb3 Qb7 27. Qg3 Rxa1 28. Rxa1 Qb8 29. Qe3 Ne6 30. Ra6 Qb5 31. Bf1 Qxc5 32. Qxc5 Nxc5 33. Rxc6 Nxe4 34. Rc4 Nd2 35. Rxb4 Nxf1 36. Kxf1 Rd8 37. Ke2 Kh7 38. Rb7 f6 39. b4 Kg6 40. b5 Rd6 41. Ke3 Kh7 42. Rc7 Rb6 43. Rc5 Kg6 44. h4 Kf7 45. Kd3 Ke6 46. Kc4 Kd7 47. Rd5+ Kc7 48. Rd1 Re6 49. Ra1 Kb7 50. Kd5 Rb6 51. Ra5 Kb8 52. h5 Kb7 53. f3 Kb8 54. Kc5 Kb7 55. Ra4 Re6 56. Re4 Re8 57. Rc4 Rd8 58. Kb4 Rd3 59. Rc3 Rd4+ 60. Kc5 Rd8 61. Rb3 Rd4 62. Ra3 Rd8 63. b6 Rc8+ 64. Kb5 Rg8 65. Ra7+ Kb8 66. Ka6 Re8 67. Rxg7 1-0

[Event "EU-ch Schools U09"]
[White "Anakok, Deniz"]
[Black "Popescu, Rares Stefan"]
[Site "Rhodes"]
[Round "2"]
[Result "1-0"]
[Date "2022.04.22"]
[WhiteElo "1396"]
[BlackElo "1217"]
[PlyCount "45"]
[EventDate "2022.04.21"]
[EventType "swiss"]
[EventRounds "9"]
[EventCountry "GRE"]
[SourceTitle "CBM 208 Extra"]
[Source "ChessBase"]
[SourceDate "2022.07.31"]
[SourceVersion "1"]
[SourceVersionDate "2022.07.31"]
[SourceQuality "1"]

1. e4 e5 2. Nf3 Nc6 3. Nc3 g6 4. d4 exd4 5. Nxd4 Bg7 6. Be3 Nge7 7. Qd2 0-0 8. 0-0-0 d6 9. h4 h5 10. Be2 a6 11. g4 Bxg4 12. Bxg4 hxg4 13. h5 Bh8 14. hxg6 Nxg6 15. Nf5 Re8 16. Rdg1 Nce5 17. Bd4 Qf6 18. Nd5 Qd8 19. Rxh8+ Nxh8 20. Qh6 Qg5+ 21. Qxg5+ Nhg6 22. Nf6+ Kf8 23. Qh6# 1-0

[Event "TUR Cup"]
[White "Alkan, Ferman"]
[Black "Anakok, Deniz"]
[Site "Ankara"]
[Round "2"]
[Result "1-0"]
[Date "2021.12.09"]
[WhiteElo "1881"]
[BlackElo "1374"]
[PlyCount "75"]
[EventDate "2021.12.08"]
[EventType "swiss"]
[EventRounds "9"]
[EventCountry "TUR"]
[SourceTitle "CBM 205 Extra"]
[Source "ChessBase"]
[SourceDate "2022.01.31"]
[SourceVersion "1"]
[SourceVersionDate "2022.01.31"]
[SourceQuality "1"]

1. d4 d5 2. c4 c6 3. Nc3 Nf6 4. e3 Bf5 5. Nf3 e6 6. Be2 h6 7. 0-0 Be7 8. Qb3 Qb6 9. c5 Qc7 10. Qa4 g5 11. b4 g4 12. Ne5 h5 13. b5 h4 14. g3 hxg3 15. fxg3 Bxc5 16. Bxg4 Nxg4 17. Nxg4 Bd6 18. Nf6+ Kd8 19. Rf3 Rh6 20. e4 Rg6 21. exf5 exf5 22. Nh5 Qe7 23. Bf4 Qh4 24. Bxd6 Qxh5 25. Raf1 Rxd6 26. Rxf5 Qh6 27. Qb4 Nd7 28. Rxf7 Kc7 29. bxc6 bxc6 30. Qa5+ Kc8 31. R1f4 Qe6 32. Kf2 Qh6 33. h4 Kb7 34. Na4 Rb8 35. Nc5+ Ka8 36. Nxd7 Rb2+ 37. Kf3 Qh5+ 38. g4 1-0